000 00342nam a22001457a 4500
008 210303b ||||| |||| 00| 0 eng d
020 _a9781256671411
041 _aeng
080 _a621
082 _a621
100 _a26
101 _aMEK
245 _aEntering Design & Graphics with Autodesk Inventor
_cBethune, J. D
942 _2udc
_cBK
999 _c55595
_d55595